|
|
|
|
| LEADER |
00000nam0a2200000 4500 |
| 001 |
366069 |
| 005 |
20231102011839.0 |
| 035 |
|
|
|a (RuTPU)RU\TPU\retro\23432
|
| 035 |
|
|
|a RU\TPU\retro\23423
|
| 090 |
|
|
|a 366069
|
| 100 |
|
|
|a 20220128d1956 k y0rusy50 ca
|
| 101 |
0 |
|
|a rus
|
| 102 |
|
|
|a RU
|
| 105 |
|
|
|a a z 001zy
|
| 200 |
1 |
|
|a Вопросы технологии переработки галургического сырья
|f Всесоюзный научно-исследовательский институт галургии (ВНИИГ) ; под ред. В. В. Вязовова , Р. С. Роскиной
|
| 210 |
|
|
|a Ленинград
|c Госхимиздат
|d 1956
|
| 215 |
|
|
|a 194 с.
|c черт.
|
| 225 |
1 |
|
|a Труды Всесоюзного научно-исследовательского института галургии (ВНИИГ)
|v Т. 31
|
| 320 |
|
|
|a Библиогр. в конце ст.
|
| 606 |
1 |
|
|a Водно-солевые системы
|2 stltpush
|3 (RuTPU)RU\TPU\subj\70581
|9 84800
|
| 610 |
1 |
|
|a рапа
|
| 610 |
1 |
|
|a получение
|
| 610 |
1 |
|
|a предприятия
|
| 610 |
1 |
|
|a окись магния
|
| 610 |
1 |
|
|a обессульфачивание
|
| 610 |
1 |
|
|a Сиваш
|
| 610 |
1 |
|
|a доломиты
|
| 610 |
1 |
|
|a сульфатно-калийные удобрения
|
| 610 |
1 |
|
|a мирабилит
|
| 610 |
1 |
|
|a эпсомит
|
| 610 |
1 |
|
|a глауберитовые породы
|
| 610 |
1 |
|
|a Тянь-Шань
|
| 610 |
1 |
|
|a Карабогаз-Гол
|
| 610 |
1 |
|
|a сильвиниты
|
| 610 |
1 |
|
|a переработка
|
| 610 |
1 |
|
|a технологии
|
| 610 |
1 |
|
|a барабанный растворитель
|
| 610 |
1 |
|
|a упругость газов
|
| 610 |
1 |
|
|a расчеты
|
| 610 |
1 |
|
|a сода
|
| 610 |
1 |
|
|a минеральные примеси
|
| 610 |
1 |
|
|a спектральное определение
|
| 675 |
|
|
|a 546-38
|v 3
|
| 702 |
|
1 |
|a Вязовов
|b В. В.
|4 340
|
| 702 |
|
1 |
|a Роскина
|b Р. С.
|4 340
|
| 712 |
0 |
2 |
|a Всесоюзный научно-исследовательский институт галургии (ВНИИГ)
|2 stltpush
|3 (RuTPU)RU\TPU\col\12235
|
| 801 |
|
1 |
|a RU
|b 63413507
|c 20141112
|
| 801 |
|
2 |
|a RU
|b 63413507
|c 20220207
|g RCR
|
| 942 |
|
|
|c BK
|